| 000 | 01084nac a22003015a 4500 | ||
|---|---|---|---|
| 008 | 110503t2008 maua frb 001 0 eng d | ||
| 010 | _a2008270153 | ||
| 020 | _a0750678534 (v. 1 : acid-free paper) | ||
| 020 | _a9780750678537 (v. 1 : acid-free paper) | ||
| 040 |
_aEG-ScBUE _beng _cEG-ScBUE |
||
| 082 | 0 | 4 |
_a665.6 _bARN _222 |
| 100 | 1 |
_aArnold, Ken, _923586 |
|
| 245 | 1 | 0 |
_aSurface Production Operations / _cKen Arnold, Maurice Stewart. |
| 250 | _a3rd ed. | ||
| 260 |
_aBoston : _bElsevier, _cc.2008 |
||
| 300 |
_axxxiv, 722 p. : _bill. ; _c24 cm. |
||
| 500 | _aIndex : p. 701-722. | ||
| 504 | _aIncludes bibliographical references. | ||
| 505 | 1 | _av. 1. Design of oil handling systems and facilities. | |
| 590 | _aMenna elemam | ||
| 650 | 0 |
_aPetroleum engineering _xEquipment and supplies. _923587 _2BUEsh |
|
| 650 | 0 |
_aOil fields _xEquipment and supplies. _923588 _2BUEsh |
|
| 650 | 0 |
_aOil fields _xProduction methods. _923589 _2BUEsh |
|
| 651 | _2BUEsh | ||
| 653 |
_bENGGEN _cAugust2015 |
||
| 700 | 1 |
_aStewart, Maurice. _923590 |
|
| 942 |
_cBB _k665.6 ARN _2ddc |
||
| 999 |
_c8913 _d8913 |
||